[Event "Irena Warakomska Memorial A"]
[Site "Suwalki"]
[Date "2021.08.03"]
[Round "9"]
[White "Derylo, Kamil"]
[Black "Mulet, Piotr"]
[Result "0-1"]
[Board "31"]
[WhiteElo "2062"]
[WhiteCountry "POL"]
[WhiteFideId "21846596"]
[WhiteEloChange "-6"]
[BlackElo "2215"]
[BlackTitle "FM"]
[BlackCountry "POL"]
[BlackFideId "1106244"]
[BlackEloChange "6"]

1. e4 {[%clk 1:30:13]} c5 {[%clk 1:30:52]} 2. Nf3 {[%clk 1:30:38]} e6 {[%clk
1:31:18]} 3. g3 {[%clk 1:30:51]} Nc6 {[%clk 1:31:33]} 4. Bg2 {[%clk 1:31:14]}
Nge7 {[%clk 1:29:43]} 5. O-O {[%clk 1:30:20]} a6 {[%clk 1:30:07]} 6. Qe2 {[%clk
1:23:51]} g6 {[%clk 1:29:30]} 7. c3 {[%clk 1:22:13]} Bg7 {[%clk 1:29:33]} 8. Rd1
{[%clk 1:22:15]} O-O {[%clk 1:29:14]} 9. d4 {[%clk 1:22:39]} cxd4 {[%clk
1:29:18]} 10. cxd4 {[%clk 1:20:20]} d5 {[%clk 1:29:44]} 11. Nc3 {[%clk 1:17:08]}
dxe4 {[%clk 1:19:42]} 12. Qxe4 {[%clk 1:16:55]} Nd5 {[%clk 1:17:36]} 13. Bg5
{[%clk 1:12:06]} Qa5 {[%clk 1:15:24]} 14. Bd2 {[%clk 1:09:10]} Qb6 {[%clk
1:06:20]} 15. Nxd5 {[%clk 1:06:34]} exd5 {[%clk 1:06:46]} 16. Qxd5 {[%clk
1:06:51]} Qxb2 {[%clk 1:06:59]} 17. Rab1 {[%clk 1:05:05]} Be6 {[%clk 1:03:38]}
18. Qc5 {[%clk 0:53:28]} Qxa2 {[%clk 1:03:55]} 19. Bf4 {[%clk 0:51:48]} Rac8
{[%clk 0:55:34]} 20. Qb6 {[%clk 0:48:20]} Bd5 {[%clk 0:54:11]} 21. Ne5 {[%clk
0:47:34]} Bxg2 {[%clk 0:49:39]} 22. Kxg2 {[%clk 0:47:53]} Qd5+ {[%clk 0:49:05]}
23. Kg1 {[%clk 0:48:12]} Rfd8 {[%clk 0:44:39]} 24. Qxb7 {[%clk 0:46:07]} Nxe5
{[%clk 0:39:35]} 25. Qxd5 {[%clk 0:45:18]} Rxd5 {[%clk 0:40:00]} 26. dxe5 {[%clk
0:45:06]} Rb5 {[%clk 0:39:58]} 27. Rxb5 {[%clk 0:39:05]} axb5 {[%clk 0:40:22]}
28. Rd5 {[%clk 0:38:20]} Rb8 {[%clk 0:39:33]} 29. Rd7 {[%clk 0:37:54]} Re8 {[%clk
0:36:34]} 30. Rb7 {[%clk 0:37:06]} Bxe5 {[%clk 0:36:51]} 31. Rxb5 {[%clk
0:37:30]} Bxf4 {[%clk 0:37:16]} 32. gxf4 {[%clk 0:37:55]} Re4 {[%clk 0:37:29]}
33. f5 {[%clk 0:38:16]} g5 {[%clk 0:37:28]} 34. Kg2 {[%clk 0:36:21]} Kg7 {[%clk
0:37:05]} 35. Kg3 {[%clk 0:36:16]} Rf4 {[%clk 0:37:26]} 36. h3 {[%clk 0:33:35]}
h5 {[%clk 0:37:48]} 37. Ra5 {[%clk 0:34:01]} Kf6 {[%clk 0:38:00]} 38. Ra6+ {[%clk
0:32:58]} Kxf5 {[%clk 0:38:23]} 39. Rh6 {[%clk 0:32:30]} Rh4 {[%clk 0:36:26]} 40.
Kg2 {[%clk 1:01:04]} f6 {[%clk 1:06:41]} 41. Kg3 {[%clk 1:01:15]} Ke6 {[%clk
1:06:32]} 42. Rh7 {[%clk 0:59:38]} Ke5 {[%clk 1:06:50]} 43. Rh8 {[%clk 0:59:36]}
Ke6 {[%clk 1:04:58]} 44. Rh7 {[%clk 0:59:55]} f5 {[%clk 1:04:59]} 45. f4 {[%clk
0:50:34]} Rxf4 {[%clk 1:05:20]} 46. Rxh5 {[%clk 0:50:59]} Kf6 {[%clk 1:05:18]}
47. Rh6+ {[%clk 0:51:12]} Kg7 {[%clk 1:05:42]} 48. Ra6 {[%clk 0:50:52]} Rd4
{[%clk 1:05:58]} 49. Rb6 {[%clk 0:49:46]} Rd3+ {[%clk 1:06:06]} 50. Kg2 {[%clk
0:50:15]} Re3 {[%clk 1:06:15]} 51. Ra6 {[%clk 0:50:20]} Kf7 {[%clk 1:02:49]} 52.
Rb6 {[%clk 0:50:43]} Re6 {[%clk 1:02:50]} 53. Rb8 {[%clk 0:51:08]} Kg6 {[%clk
1:03:14]} 54. Ra8 {[%clk 0:51:29]} Rd6 {[%clk 0:58:55]} 55. Rf8 {[%clk 0:50:36]}
Rd2+ {[%clk 0:58:39]} 56. Kf3 {[%clk 0:50:49]} Rc2 {[%clk 0:57:01]} 57. Kg3
{[%clk 0:50:20]} Rc6 {[%clk 0:49:28]} 58. Rh8 {[%clk 0:47:27]} Rc3+ {[%clk
0:49:36]} 59. Kg2 {[%clk 0:47:52]} Kf6 {[%clk 0:49:40]} 60. Re8 {[%clk 0:48:13]}
Rd3 {[%clk 0:49:32]} 61. Kh2 {[%clk 0:47:06]} f4 {[%clk 0:49:21]} 62. Kg2 {[%clk
0:46:47]} Rg3+ {[%clk 0:49:43]} 63. Kh2 {[%clk 0:47:08]} Kf5 {[%clk 0:49:56]} 64.
Ra8 {[%clk 0:45:05]} Rd3 {[%clk 0:47:06]} 65. Kg2 {[%clk 0:45:13]} Rd2+ {[%clk
0:46:53]} 66. Kf3 {[%clk 0:45:09]} Rh2 {[%clk 0:46:28]} 67. Rh8 {[%clk 0:44:44]}
Rxh3+ {[%clk 0:46:51]} 0-1

[Event "Irena Warakomska Memorial A"]
[Site "Suwalki"]
[Date "2021.08.03"]
[Round "9"]
[White "Piekielny, Pawel"]
[Black "Dwilewicz, Katarzyna"]
[Result "1/2-1/2"]
[Board "32"]
[WhiteElo "2150"]
[WhiteCountry "POL"]
[WhiteFideId "21838828"]
[WhiteEloChange "-2"]
[BlackElo "2082"]
[BlackTitle "WFM"]
[BlackCountry "POL"]
[BlackFideId "1148486"]
[BlackEloChange "2"]

1. e4 {[%clk 1:30:58]} c5 {[%clk 1:24:02]} 2. Nf3 {[%clk 1:30:34]} e6 {[%clk
1:24:29]} 3. d4 {[%clk 1:30:58]} cxd4 {[%clk 1:24:55]} 4. Nxd4 {[%clk 1:31:22]}
Nc6 {[%clk 1:25:23]} 5. Nc3 {[%clk 1:31:40]} Qc7 {[%clk 1:25:49]} 6. Be3 {[%clk
1:32:04]} a6 {[%clk 1:26:15]} 7. Qd2 {[%clk 1:32:27]} Nf6 {[%clk 1:26:40]} 8.
O-O-O {[%clk 1:32:51]} Be7 {[%clk 1:17:37]} 9. f3 {[%clk 1:22:03]} O-O {[%clk
1:15:52]} 10. g4 {[%clk 1:22:19]} b5 {[%clk 1:16:11]} 11. g5 {[%clk 1:15:24]} Nh5
{[%clk 1:16:20]} 12. Nce2 {[%clk 1:15:42]} Nxd4 {[%clk 1:08:12]} 13. Qxd4 {[%clk
1:12:05]} Rd8 {[%clk 1:02:32]} 14. Kb1 {[%clk 1:03:41]} d5 {[%clk 0:56:05]} 15.
e5 {[%clk 1:03:37]} g6 {[%clk 0:43:46]} 16. Ng3 {[%clk 0:58:53]} Ng7 {[%clk
0:41:44]} 17. h4 {[%clk 0:59:17]} Nf5 {[%clk 0:39:24]} 18. Nxf5 {[%clk 0:58:52]}
exf5 {[%clk 0:39:08]} 19. h5 {[%clk 0:52:33]} Bf8 {[%clk 0:34:27]} 20. Qh4 {[%clk
0:46:28]} d4 {[%clk 0:24:58]} 21. Bxd4 {[%clk 0:34:10]} Be6 {[%clk 0:16:16]} 22.
Bd3 {[%clk 0:24:47]} Rd7 {[%clk 0:16:12]} 23. Qf2 {[%clk 0:21:53]} Qa5 {[%clk
0:11:57]} 24. b3 {[%clk 0:22:14]} Bb4 {[%clk 0:11:07]} 25. Bb2 {[%clk 0:18:19]}
Qc7 {[%clk 0:11:23]} 26. hxg6 {[%clk 0:17:33]} fxg6 {[%clk 0:11:44]} 27. Be2
{[%clk 0:14:03]} Rc8 {[%clk 0:11:09]} 28. Rxd7 {[%clk 0:13:57]} Qxc2+ {[%clk
0:09:43]} 29. Ka1 {[%clk 0:14:25]} Bc3 {[%clk 0:08:19]} 30. Rb1 {[%clk 0:11:41]}
Bxb2+ {[%clk 0:07:50]} 31. Rxb2 {[%clk 0:12:06]} Qc1+ {[%clk 0:08:15]} 32. Rb1
{[%clk 0:12:33]} Qc3+ {[%clk 0:08:42]} 33. Rb2 {[%clk 0:12:56]} Bxd7 {[%clk
0:08:36]} 34. f4 {[%clk 0:12:20]} Bc6 {[%clk 0:06:58]} 35. a3 {[%clk 0:11:42]}
Bd5 {[%clk 0:06:24]} 36. Ka2 {[%clk 0:10:48]} b4 {[%clk 0:02:39]} 37. Qb6 {[%clk
0:10:07]} bxa3 {[%clk 0:02:15]} 38. Kxa3 {[%clk 0:10:32]} a5 {[%clk 0:01:38]} 39.
Qd6 {[%clk 0:07:22]} Bxb3 {[%clk 0:01:09]} 40. Qd2 {[%clk 0:36:51]} Bd1+ {[%clk
0:30:38]} 41. Qxc3 {[%clk 0:37:14]} Rxc3+ {[%clk 0:31:03]} 42. Ka2 {[%clk
0:37:41]} Bxe2 {[%clk 0:30:27]} 43. Rxe2 {[%clk 0:38:09]} Rc4 {[%clk 0:27:12]}
44. Rf2 {[%clk 0:37:22]} a4 {[%clk 0:24:16]} 45. Kb2 {[%clk 0:37:47]} Kf7 {[%clk
0:23:16]} 46. Rh2 {[%clk 0:37:40]} Kg7 {[%clk 0:20:23]} 47. Rh4 {[%clk 0:38:04]}
Re4 {[%clk 0:19:57]} 48. Ka3 {[%clk 0:36:50]} Kg8 {[%clk 0:19:55]} 49. Ka2 {[%clk
0:37:01]} Re3 {[%clk 0:20:01]} 50. Kb2 {[%clk 0:37:08]} Rf3 {[%clk 0:20:02]} 51.
Ka2 {[%clk 0:37:16]} a3 {[%clk 0:19:18]} 52. e6 {[%clk 0:34:59]} Re3 {[%clk
0:19:20]} 53. e7 {[%clk 0:35:23]} Rxe7 {[%clk 0:19:01]} 54. Kxa3 {[%clk 0:35:51]}
Re3+ {[%clk 0:06:40]} 55. Kb2 {[%clk 0:30:56]} Rg3 {[%clk 0:05:30]} 56. Kc2
{[%clk 0:31:22]} Rg4 {[%clk 0:03:15]} 57. Rxg4 {[%clk 0:31:47]} fxg4 {[%clk
0:03:41]} 58. Kd2 {[%clk 0:32:11]} h5 {[%clk 0:02:30]} 59. gxh6 {[%clk 0:32:37]}
Kh7 {[%clk 0:02:58]} 60. Ke2 {[%clk 0:33:00]} 1/2-1/2

[Event "Irena Warakomska Memorial A"]
[Site "Suwalki"]
[Date "2021.08.03"]
[Round "9"]
[White "Dylag, Emilia"]
[Black "Maj, Pawel"]
[Result "1/2-1/2"]
[Board "33"]
[WhiteElo "2144"]
[WhiteTitle "WFM"]
[WhiteCountry "POL"]
[WhiteFideId "21805172"]
[WhiteEloChange "-1"]
[BlackElo "2113"]
[BlackCountry "POL"]
[BlackFideId "21818290"]
[BlackEloChange "1"]

1. d4 {[%clk 1:30:57]} Nf6 {[%clk 1:30:54]} 2. c4 {[%clk 1:31:19]} g6 {[%clk
1:31:18]} 3. Nc3 {[%clk 1:31:39]} d5 {[%clk 1:31:42]} 4. cxd5 {[%clk 1:31:52]}
Nxd5 {[%clk 1:32:07]} 5. Bd2 {[%clk 1:32:14]} Bg7 {[%clk 1:32:19]} 6. e4 {[%clk
1:32:32]} Nxc3 {[%clk 1:31:02]} 7. Bxc3 {[%clk 1:32:55]} c5 {[%clk 1:27:04]} 8.
d5 {[%clk 1:33:19]} Bxc3+ {[%clk 1:27:15]} 9. bxc3 {[%clk 1:33:44]} O-O {[%clk
1:26:21]} 10. Qd2 {[%clk 1:31:40]} Qd6 {[%clk 1:14:52]} 11. Nf3 {[%clk 1:24:27]}
Nd7 {[%clk 1:14:54]} 12. Bd3 {[%clk 1:13:01]} e6 {[%clk 1:11:13]} 13. dxe6 {[%clk
1:06:09]} Qxe6 {[%clk 1:09:49]} 14. O-O {[%clk 1:05:42]} Rd8 {[%clk 1:03:30]} 15.
Qe3 {[%clk 1:03:19]} Qe7 {[%clk 0:59:40]} 16. a4 {[%clk 0:56:56]} Nf6 {[%clk
0:52:40]} 17. Rfe1 {[%clk 0:51:38]} Ng4 {[%clk 0:45:28]} 18. Qe2 {[%clk 0:51:34]}
Ne5 {[%clk 0:45:48]} 19. Nxe5 {[%clk 0:51:05]} Qxe5 {[%clk 0:46:12]} 20. Rac1
{[%clk 0:49:44]} Bd7 {[%clk 0:37:07]} 21. a5 {[%clk 0:45:15]} Be6 {[%clk
0:34:56]} 22. g3 {[%clk 0:34:58]} g5 {[%clk 0:32:03]} 23. Qe3 {[%clk 0:32:55]} g4
{[%clk 0:26:22]} 24. Bc2 {[%clk 0:27:37]} Rd6 {[%clk 0:22:13]} 25. Rcd1 {[%clk
0:24:05]} Rad8 {[%clk 0:22:32]} 26. Rxd6 {[%clk 0:24:03]} Rxd6 {[%clk 0:22:56]}
27. h3 {[%clk 0:21:37]} h5 {[%clk 0:21:52]} 28. hxg4 {[%clk 0:20:01]} hxg4 {[%clk
0:22:18]} 29. Kg2 {[%clk 0:19:03]} Kf8 {[%clk 0:21:12]} 30. Rb1 {[%clk 0:16:30]}
Bc8 {[%clk 0:19:11]} 31. Rh1 {[%clk 0:12:20]} Ke7 {[%clk 0:18:33]} 32. Rb1 {[%clk
0:08:50]} Kd8 {[%clk 0:17:28]} 33. Bb3 {[%clk 0:06:41]} f6 {[%clk 0:14:16]} 34.
Bd5 {[%clk 0:06:43]} b6 {[%clk 0:13:56]} 35. c4 {[%clk 0:05:37]} Kc7 {[%clk
0:13:26]} 36. Rb3 {[%clk 0:04:43]} Bb7 {[%clk 0:10:40]} 37. axb6+ {[%clk
0:04:42]} axb6 {[%clk 0:11:07]} 38. Rb1 {[%clk 0:02:11]} f5 {[%clk 0:10:02]} 39.
Bxb7 {[%clk 0:01:29]} Kxb7 {[%clk 0:10:18]} 40. exf5 {[%clk 0:31:39]} Qxf5 {[%clk
0:39:45]} 41. Re1 {[%clk 0:24:06]} Qd7 {[%clk 0:27:09]} 42. Kg1 {[%clk 0:20:05]}
Rd4 {[%clk 0:23:13]} 43. Qg5 {[%clk 0:16:45]} Rd1 {[%clk 0:23:01]} 44. Rxd1
{[%clk 0:16:20]} Qxd1+ {[%clk 0:23:26]} 45. Kg2 {[%clk 0:15:27]} Qf3+ {[%clk
0:23:40]} 46. Kg1 {[%clk 0:15:44]} Qd1+ {[%clk 0:22:44]} 47. Kg2 {[%clk 0:16:08]}
Qf3+ {[%clk 0:19:31]} 48. Kg1 {[%clk 0:16:31]} Qd1+ {[%clk 0:13:45]} 49. Kg2
{[%clk 0:16:50]} 1/2-1/2

[Event "Irena Warakomska Memorial A"]
[Site "Suwalki"]
[Date "2021.08.03"]
[Round "9"]
[White "Stanisz, Patryk"]
[Black "Liberadzki, Slawomir"]
[Result "1-0"]
[Board "34"]
[WhiteElo "2140"]
[WhiteCountry "POL"]
[WhiteFideId "1123106"]
[WhiteEloChange "7"]
[BlackElo "2022"]
[BlackCountry "POL"]
[BlackFideId "1123483"]
[BlackEloChange "-7"]

1. d4 {[%clk 1:30:48]} d5 {[%clk 1:30:56]} 2. c4 {[%clk 1:31:10]} e6 {[%clk
1:31:21]} 3. Nc3 {[%clk 1:31:21]} Be7 {[%clk 1:31:42]} 4. Nf3 {[%clk 1:30:37]}
Nf6 {[%clk 1:31:45]} 5. Bf4 {[%clk 1:28:51]} O-O {[%clk 1:31:50]} 6. e3 {[%clk
1:29:18]} b6 {[%clk 1:31:57]} 7. cxd5 {[%clk 1:19:32]} Nxd5 {[%clk 1:31:39]} 8.
Nxd5 {[%clk 1:19:53]} exd5 {[%clk 1:29:52]} 9. Be2 {[%clk 1:18:42]} c5 {[%clk
1:27:54]} 10. dxc5 {[%clk 1:13:04]} bxc5 {[%clk 1:26:50]} 11. O-O {[%clk
1:13:25]} Nc6 {[%clk 1:22:56]} 12. Qd2 {[%clk 1:08:32]} Be6 {[%clk 1:22:02]} 13.
Rfd1 {[%clk 1:07:52]} Qb6 {[%clk 1:21:26]} 14. Ng5 {[%clk 1:05:07]} Rfd8 {[%clk
1:04:00]} 15. h4 {[%clk 0:45:42]} Bxg5 {[%clk 0:45:41]} 16. Bxg5 {[%clk 0:43:32]}
f6 {[%clk 0:45:10]} 17. Bf4 {[%clk 0:43:56]} Ne5 {[%clk 0:43:42]} 18. b3 {[%clk
0:35:56]} d4 {[%clk 0:37:56]} 19. Qc2 {[%clk 0:34:48]} Rac8 {[%clk 0:34:02]} 20.
Bxe5 {[%clk 0:19:28]} fxe5 {[%clk 0:34:23]} 21. Qe4 {[%clk 0:19:51]} Qd6 {[%clk
0:32:56]} 22. Rac1 {[%clk 0:19:46]} Bd5 {[%clk 0:32:48]} 23. Bc4 {[%clk 0:19:18]}
Kh8 {[%clk 0:29:59]} 24. Bxd5 {[%clk 0:18:55]} Qxd5 {[%clk 0:28:49]} 25. Qxd5
{[%clk 0:18:09]} Rxd5 {[%clk 0:29:12]} 26. e4 {[%clk 0:18:36]} Rd6 {[%clk
0:28:16]} 27. Rd2 {[%clk 0:18:48]} Kg8 {[%clk 0:27:26]} 28. Rdc2 {[%clk 0:13:51]}
Rdc6 {[%clk 0:21:10]} 29. Rc4 {[%clk 0:14:07]} Kf7 {[%clk 0:18:02]} 30. b4 {[%clk
0:14:18]} Ke6 {[%clk 0:18:25]} 31. bxc5 {[%clk 0:11:06]} Ra6 {[%clk 0:18:43]} 32.
a4 {[%clk 0:10:02]} Kd7 {[%clk 0:17:19]} 33. g3 {[%clk 0:09:45]} Kc6 {[%clk
0:16:54]} 34. f4 {[%clk 0:08:32]} Rd8 {[%clk 0:08:08]} 35. Kf2 {[%clk 0:08:47]}
exf4 {[%clk 0:06:06]} 36. gxf4 {[%clk 0:09:11]} Rf8 {[%clk 0:04:49]} 37. Kf3
{[%clk 0:09:18]} d3 {[%clk 0:03:22]} 38. Rd4 {[%clk 0:09:13]} d2 {[%clk 0:03:19]}
39. Rcc4 {[%clk 0:08:43]} Rf6 {[%clk 0:02:30]} 40. Rxd2 {[%clk 0:38:43]} Rh6
{[%clk 0:32:58]} 41. e5 {[%clk 0:38:05]} Ra5 {[%clk 0:32:30]} 42. Rd6+ {[%clk
0:38:13]} Rxd6 {[%clk 0:32:43]} 43. cxd6+ {[%clk 0:38:35]} Kd7 {[%clk 0:33:10]}
44. Ke4 {[%clk 0:38:53]} g6 {[%clk 0:33:22]} 45. f5 {[%clk 0:39:04]} Kd8 {[%clk
0:32:50]} 46. Rb4 {[%clk 0:39:12]} Kc8 {[%clk 0:33:03]} 47. f6 {[%clk 0:39:28]}
1-0

[Event "Irena Warakomska Memorial A"]
[Site "Suwalki"]
[Date "2021.08.03"]
[Round "9"]
[White "Jankowiak, Piotr"]
[Black "Valantiejus, Vaidotas"]
[Result "1-0"]
[Board "35"]
[WhiteElo "2039"]
[WhiteCountry "POL"]
[WhiteFideId "1185250"]
[WhiteEloChange "12"]
[BlackElo "2124"]
[BlackCountry "LTU"]
[BlackFideId "12807370"]
[BlackEloChange "-12"]

1. e4 {[%clk 1:30:57]} c5 {[%clk 1:30:49]} 2. Nf3 {[%clk 1:31:21]} e6 {[%clk
1:31:08]} 3. g3 {[%clk 1:31:36]} Nc6 {[%clk 1:31:22]} 4. Bg2 {[%clk 1:31:56]} d5
{[%clk 1:31:35]} 5. exd5 {[%clk 1:32:13]} exd5 {[%clk 1:30:47]} 6. d4 {[%clk
1:32:29]} c4 {[%clk 1:24:22]} 7. O-O {[%clk 1:31:42]} Nf6 {[%clk 1:24:13]} 8.
Re1+ {[%clk 1:21:29]} Be7 {[%clk 1:21:32]} 9. Ne5 {[%clk 1:19:33]} O-O {[%clk
1:18:32]} 10. b3 {[%clk 1:18:07]} cxb3 {[%clk 1:17:33]} 11. axb3 {[%clk 1:17:07]}
Bf5 {[%clk 1:14:23]} 12. c3 {[%clk 0:49:53]} Re8 {[%clk 1:10:49]} 13. Nd2 {[%clk
0:46:01]} a5 {[%clk 1:02:49]} 14. Nxc6 {[%clk 0:38:23]} bxc6 {[%clk 1:03:17]} 15.
Ba3 {[%clk 0:38:06]} Bxa3 {[%clk 1:00:25]} 16. Rxe8+ {[%clk 0:34:09]} Qxe8 {[%clk
1:00:27]} 17. Rxa3 {[%clk 0:34:35]} h6 {[%clk 0:57:20]} 18. Ra2 {[%clk 0:29:03]}
Ra7 {[%clk 0:48:49]} 19. Nf1 {[%clk 0:24:29]} Ne4 {[%clk 0:43:05]} 20. Qa1 {[%clk
0:22:24]} Rb7 {[%clk 0:40:20]} 21. Ra3 {[%clk 0:16:43]} Kh7 {[%clk 0:38:30]} 22.
Qb2 {[%clk 0:11:37]} Nd6 {[%clk 0:33:01]} 23. Qd2 {[%clk 0:11:31]} Qb8 {[%clk
0:31:10]} 24. Qf4 {[%clk 0:09:36]} Bg6 {[%clk 0:31:20]} 25. Rxa5 {[%clk 0:01:43]}
Rxb3 {[%clk 0:31:31]} 26. Rc5 {[%clk 0:01:58]} Rb6 {[%clk 0:28:46]} 27. c4 {[%clk
0:00:38]} dxc4 {[%clk 0:27:27]} 28. Bxc6 {[%clk 0:00:59]} Qd8 {[%clk 0:25:43]}
29. Ne3 {[%clk 0:00:45]} Bd3 {[%clk 0:23:29]} 30. Bf3 {[%clk 0:00:55]} f6 {[%clk
0:18:20]} 31. Bd5 {[%clk 0:00:59]} Qe7 {[%clk 0:14:13]} 32. h3 {[%clk 0:00:47]}
g5 {[%clk 0:10:25]} 33. Qf3 {[%clk 0:01:09]} Ne4 {[%clk 0:02:46]} 34. Qf5+ {[%clk
0:00:33]} Kg7 {[%clk 0:03:14]} 35. Qc8 {[%clk 0:00:45]} Kg6 {[%clk 0:00:54]} 36.
Rc7 {[%clk 0:01:01]} Rb1+ {[%clk 0:00:36]} 37. Kh2 {[%clk 0:01:05]} Rh1+ {[%clk
0:00:33]} 38. Kxh1 {[%clk 0:01:00]} Nxg3+ {[%clk 0:00:36]} 39. fxg3 {[%clk
0:01:06]} Be4+ {[%clk 0:00:56]} 40. Kh2 {[%clk 0:30:55]} 1-0

[Event "Irena Warakomska Memorial A"]
[Site "Suwalki"]
[Date "2021.08.03"]
[Round "9"]
[White "Kozlowski, Michal"]
[Black "Kukula, Pawel"]
[Result "1/2-1/2"]
[Board "37"]
[WhiteElo "2043"]
[WhiteCountry "POL"]
[WhiteFideId "21838194"]
[WhiteEloChange "4"]
[BlackElo "2195"]
[BlackCountry "POL"]
[BlackFideId "1115081"]
[BlackEloChange "-4"]

1. e4 {[%clk 1:30:59]} c5 {[%clk 1:30:44]} 2. Nf3 {[%clk 1:31:25]} Nc6 {[%clk
1:31:07]} 3. d4 {[%clk 1:31:54]} cxd4 {[%clk 1:31:28]} 4. Nxd4 {[%clk 1:32:20]}
Nf6 {[%clk 1:31:48]} 5. Nc3 {[%clk 1:32:48]} e5 {[%clk 1:32:09]} 6. Ndb5 {[%clk
1:33:16]} d6 {[%clk 1:32:28]} 7. Bg5 {[%clk 1:33:40]} a6 {[%clk 1:32:52]} 8. Na3
{[%clk 1:34:08]} b5 {[%clk 1:32:48]} 9. Bxf6 {[%clk 1:34:33]} gxf6 {[%clk
1:33:11]} 10. Nd5 {[%clk 1:35:00]} Bg7 {[%clk 1:32:39]} 11. g3 {[%clk 1:32:53]}
f5 {[%clk 1:24:39]} 12. exf5 {[%clk 1:26:49]} Bxf5 {[%clk 1:24:29]} 13. Bg2
{[%clk 1:27:18]} Rc8 {[%clk 1:19:29]} 14. c3 {[%clk 1:27:36]} O-O {[%clk
1:19:39]} 15. O-O {[%clk 1:27:56]} Be6 {[%clk 1:19:38]} 16. Qd2 {[%clk 1:25:20]}
f5 {[%clk 1:02:00]} 17. Rad1 {[%clk 1:25:34]} e4 {[%clk 0:53:08]} 18. f3 {[%clk
1:24:19]} exf3 {[%clk 0:49:48]} 19. Bxf3 {[%clk 1:24:47]} Kh8 {[%clk 0:46:52]}
20. Nc2 {[%clk 1:15:56]} Ne5 {[%clk 0:43:48]} 21. Nce3 {[%clk 1:15:11]} Nxf3+
{[%clk 0:37:41]} 22. Rxf3 {[%clk 1:15:39]} Be5 {[%clk 0:38:01]} 23. Rdf1 {[%clk
1:13:25]} Qg5 {[%clk 0:32:31]} 24. Nb4 {[%clk 0:58:28]} a5 {[%clk 0:28:07]} 25.
Nd3 {[%clk 0:58:49]} Bg7 {[%clk 0:28:26]} 26. h4 {[%clk 0:53:45]} Qh6 {[%clk
0:27:51]} 27. Qf2 {[%clk 0:52:53]} b4 {[%clk 0:26:09]} 28. Nxf5 {[%clk 0:38:05]}
Bxf5 {[%clk 0:26:03]} 29. Rxf5 {[%clk 0:38:34]} bxc3 {[%clk 0:22:19]} 30. bxc3
{[%clk 0:38:02]} Rxf5 {[%clk 0:22:16]} 31. Qxf5 {[%clk 0:38:30]} Qe3+ {[%clk
0:21:18]} 32. Kg2 {[%clk 0:37:48]} Rf8 {[%clk 0:12:09]} 33. Qd5 {[%clk 0:37:46]}
Qd2+ {[%clk 0:12:16]} 34. Kg1 {[%clk 0:37:53]} Rg8 {[%clk 0:11:52]} 35. Qxd6
{[%clk 0:27:07]} Qxc3 {[%clk 0:11:58]} 36. Kg2 {[%clk 0:21:42]} Bd4 {[%clk
0:09:03]} 37. Rf8 {[%clk 0:21:43]} Qxd3 {[%clk 0:08:34]} 38. Rxg8+ {[%clk
0:22:09]} Kxg8 {[%clk 0:08:56]} 39. Qd8+ {[%clk 0:22:35]} Kf7 {[%clk 0:09:14]}
40. Qd7+ {[%clk 0:53:02]} Kf6 {[%clk 0:34:16]} 41. Qd6+ {[%clk 0:53:28]} 1/2-1/2

[Event "Irena Warakomska Memorial A"]
[Site "Suwalki"]
[Date "2021.08.03"]
[Round "9"]
[White "Krainski, Aleksander"]
[Black "Skurniak, Szymon"]
[Result "0-1"]
[Board "38"]
[WhiteElo "2066"]
[WhiteTitle "FM"]
[WhiteCountry "POL"]
[WhiteFideId "1102400"]
[WhiteEloChange "-8"]
[BlackElo "2143"]
[BlackCountry "POL"]
[BlackFideId "21805571"]
[BlackEloChange "8"]

1. Nf3 {[%clk 1:30:57]} Nf6 {[%clk 1:30:56]} 2. d4 {[%clk 1:31:13]} g6 {[%clk
1:31:21]} 3. e3 {[%clk 1:31:06]} Bg7 {[%clk 1:31:46]} 4. c4 {[%clk 1:31:17]} O-O
{[%clk 1:31:40]} 5. Be2 {[%clk 1:31:31]} c5 {[%clk 1:32:03]} 6. O-O {[%clk
1:29:38]} cxd4 {[%clk 1:32:30]} 7. exd4 {[%clk 1:28:14]} d5 {[%clk 1:32:28]} 8.
Nc3 {[%clk 1:28:33]} Nc6 {[%clk 1:32:51]} 9. h3 {[%clk 1:28:57]} dxc4 {[%clk
1:31:39]} 10. Bxc4 {[%clk 1:28:42]} Na5 {[%clk 1:31:55]} 11. Be2 {[%clk 1:29:04]}
Be6 {[%clk 1:32:22]} 12. Re1 {[%clk 1:28:46]} Nd5 {[%clk 1:15:04]} 13. Na4 {[%clk
1:16:33]} b6 {[%clk 1:01:55]} 14. Ne5 {[%clk 1:04:46]} Rc8 {[%clk 0:54:23]} 15.
a3 {[%clk 0:57:04]} Nf6 {[%clk 0:51:07]} 16. b4 {[%clk 0:45:24]} Nb3 {[%clk
0:40:55]} 17. Rb1 {[%clk 0:41:39]} 0-1